Представление документа в формате MARC21

Поле Инд. ПП Название Значение
Тип записи a
Библиографический уровень m
001 Контрольный номер 591f7ab8-cd4e-4719-8560-433099f947b9
005 Дата корректировки 20140703141708.8
008 Кодируемые данные 051103
020 a ISBN 5-7996-0308-7
c Цена, тираж 24.00
040 a Служба первич. каталог. НБ ТвГУ
041 a Код языка текста rus
080 a Индекс УДК 519.17(075.8)
084 a Индекс другой классификации/Индекс ББК В174.2я73-1
090 x Авторский знак З-26
a Полочн. индекс В174.2
100 1_ a Автор Замятин Алексей Петрович
245 10 a Заглавие Графы и сети
b Продолж. заглавия учеб. пособие по математике и механике для мат. специальностей и направлений
c Ответственность А. П. Замятин ; Федерал. агентство по образованию, Урал. гос. ун-т им. А. М. Горького
260 0_ a Место издания Екатеринбург
b Издательство Урал. гос. ун-т
c Дата издания 2004
300 a Объем 158, [1] с.
b Иллюстрации/ тип воспроизводства ил.
504 a Библиография Библиогр.: с. 157.
583 a Действие Получение впервые 323 3.11.2005
k Исполнитель действия обмен
650 a Основная рубрика Графов теория
x Основная подрубрика Учебники для вузов
653 a Ключевые слова Графы (мат.)
a Ключевые слова Теория графов
a Ключевые слова Сети (мат.)
700 1_ a Другие авторы Шеврин Лев Наумович
e Роль лиц науч. ред.
852 t Порядковый номер экземпляра 1
p Инвентарный номер 823310
863 t 00108725
888 a Бесплатно
930 a Новая/Ретро учебники
952 p 323.2005 24.00 1 823310
c Вид литературы К ру
954 a Дата поступления на обработку 20060123
999 a Подразделение 2 Фил3